000 00989nas a2200277 4500
001 BR8600548
003 BR-BrBNA
005 20231205090331.0
007 ta
008 230509b bl.|||p| |||| 00| 00por d
040 _aBR-BrBNA
_bpor
_cBiblioteca Nacional de Agricultura
041 _a(Pt)
072 _aL51
100 1 _aMoore, C.P.
100 1 _aKornelius, E.
100 1 _aVianna, J.H.U.
245 1 _aEfeito de cargas animais e niveis de fosforo sobre o ganho de peso de novilhos azebuados numa pastagem consorciada nos cerrados
246 1 _a[Effect of animal loads and phosphorus levels on the weight gain of zebu calves in a mixed pasture in the cerrado area]
650 _aGADO ZEBU
650 _aGANHO DE PESO
650 _aPASTAGEM CONSORCIADA
650 _aCERRADO
773 0 _tRevista da Sociedade Brasileira de Zootecnia (Brazil)
_xISSN 0100-4859
_g(1985), v. 14(2) p. 216-223
_wBR8600548
909 _a202311
_bLúcia
_c55
_dLúcia Elande
942 _2AGRIS
_n0
_cANA
999 _c117685
_d117685